000 00464nam a2200193Ia 4500
008 101110s9999 xx 000 0 und d
041 _aENGLISH
082 _bSR21235
100 _aMurthy, Syed, Ali
245 _aUniversity Chemistry Vol.I
365 _b130
520 _aChemistry
546 _aENGLISH
630 _aUniversity Chemistry Vol.I
650 _aChemistry
655 _aChemistry
730 _aUniversity Chemistry Vol.I
942 _cBOOK
999 _c814136
_d814133